000 00883nam a22002897a 4500
003 CHAP
005 20220329141758.0
008 971013s1969 r 00010 d
010 _a73694
011 _a74666
035 _a84225
040 _cCHAP
082 _a658.83
_bH3
100 0 0 _aHarder, Theodor.
_952635
245 _aIntroduction to mathematical models in market and opinion research
260 _aDordrecht :
_bReidel,
_c1969
300 _a194 p.
590 _aBATCH-UPD
_b10
_c20130110
_lUCH01
_h0407
590 _aBATCH-UPD
_b10
_c20130410
_lUCH01
_h0041
590 _aBATCH-UPD
_b10
_c20130914
_lUCH01
_h1601
590 _aCONVERSION
_b10
_c20130109
_lUCH01
_h1340
650 1 4 _aMercadeo
_xInvestigación.
_974882
700 0 _aSwokowski, Earl W.
_9110906
901 _aBK
942 _cLIBRO
949 _a658.83 H3
_bBC
_cLIBRO
_d33724000118618
_eLIBRO
_h15947
_i84225
_mD
_si
999 _c73694
_d73694